| 000 | 00575nam a2200229Ia 4500 | ||
|---|---|---|---|
| 003 | OSt | ||
| 005 | 20230504104434.0 | ||
| 008 | 210423s2012 xx 000 0 und d | ||
| 020 | _a9780070702066 | ||
| 040 | _cAL | ||
| 041 | _aeng | ||
| 082 |
_a621.374 KALH _223 |
||
| 100 |
_aKALSI (H S). _996744 |
||
| 245 | _aElectronic instrumentation. | ||
| 250 | _a3 | ||
| 260 |
_aNew Delhi _bTata McGraw-hill _c2012 |
||
| 300 |
_axxviii,829 _bPB |
||
| 365 |
_b385 _cINR |
||
| 650 |
_aElectric Engineering _996745 |
||
| 906 | _aelectronic ; instrumentation. | ||
| 942 |
_2ddc _cBK |
||
| 999 |
_c161983 _d161983 |
||